000 00576nam a2200241 a 4500
001 nice12345678
003 IN_TiNIC
005 20260116011500.0
008 050524s1946 dela grp 000 0 eng
020 _a
_c0
082 0 0 _a297.4
_bPAK
100 _aPakhurst, C A
245 _aSome Famous Mohammedan Saints and Shrines
260 _aDelhi
_bAastana Book Depot
_c1946
300 _a36p
500 _aincludes index and biblioraphy
505 2 _aIndex
650 _aShrine-Islam
700 1 _aPakhurst, C A
902 _bSRS
942 _cBK
999 _c1927
_d1927